01350ngm a2200337 4500003000400000005001700004007000400021008004000025010001900065024001800084035001900102040001300121082001500134245011100149260003900260300006300299440004000362500007700402500006700479500011300546538008500659538012200744650001900866700002100885700001800906700001600924700001800940700002000958700001700978700001700995dpl20080723110517.0DVD||||||sp199 xxu|||||c|||| 00| 0 eng d aDVD-000443-445 a01853c499.00 aDVD-000443-445 aDPLcDPL aDVD / PRED aPredator 2:c20th Century Fox Presentsh[videorecording] DVD/bHe's coming to Town With a Few Days to Kill b20th Century Fox Homeentertainment a1 videodisc DVD; (107 min.) :bsd., col. ;c4 3/4 in.fDVD a20th Centyry Fox Home Entertainment aSole Distributor in India M/s. Excel Productions Autio Visuals Pvt. Ltd. aThe Predactor is back and this time its hunting in Los Angeles aSpecial Features- Interactive Menus, Scene Access, Multiple Language Subtitles, Origfinal Theratical Trailer aDolby Digital 5.1-English Subntitles: English, Cantonese, Thai, Korean, Mandarin aAspect Ratio: 1.85:1, Presentation type: Wide Screne, Presentation Size 16x9, Format DVD 9 Dual L Single Sided Disc. aMotion Picture aHopkins, Stephen aGlover, Danny aBusey, Gary aBlades, Ruben aConchita, Maria aPaxton, Bill aDavi, Robert